Rozostavanosť a jej vplyv na efektívnosť investičnej výstavby kandidátska dizertačná práca

Guardado en:
Detalles Bibliográficos
Autor principal: Tran thanh, Nga
Autor Corporativo: Vysoká škola ekonomická v Bratislave. Národohospodárska fakulta
Otros Autores: Bacová, Viera
Formato: Libro
Lenguaje:eslovaco
Publicado: Bratislava 1980
Etiquetas: Agregar Etiqueta
Sin Etiquetas, Sea el primero en etiquetar este registro!

MARC

LEADER 00000nam a2200000 4500
001 c034721
005 20230116123210.9
041 0 |a slo 
044 |a SK 
245 1 0 |a Rozostavanosť a jej vplyv na efektívnosť investičnej výstavby  |b kandidátska dizertačná práca  |c Nga Tran thanh ; ved. práce Viera Bacová 
264 1 |a Bratislava  |c 1980 
300 |a 134 s. 
100 1 |a Tran thanh, Nga 
700 1 |a Bacová, Viera 
710 2 |a Vysoká škola ekonomická v Bratislave. Národohospodárska fakulta